| 000 | 00521nam a2200205Ia 4500 | ||
|---|---|---|---|
| 003 | OSt | ||
| 005 | 20250701165422.0 | ||
| 008 | 210210b2000 xxu||||| |||| 00| 0 eng d | ||
| 040 | _cAL | ||
| 041 | _aeng | ||
| 082 | _a331 MAMD | ||
| 100 |
_aMamoria C B and others _945905 |
||
| 245 | _aDynamics of industrial relations | ||
| 260 |
_aN D _bHimalaya Publishing House _c2000 |
||
| 300 | _axix,891 | ||
| 650 |
_aIndustrial Relations _945906 |
||
| 690 |
_aLabour Economics _945907 |
||
| 906 | _a056216 | ||
| 942 |
_2ddc _cBK |
||
| 999 |
_c103739 _d103739 |
||